| 000 | 00353nam a2200145Ia 4500 | ||
|---|---|---|---|
| 003 | LK-CoDNM | ||
| 008 | 010623t xxu||||| |||| 00| 1 eng d | ||
| 040 |
_aLK-CoDNM _dLK-CoDNM _eLK-CoDNM |
||
| 041 | _aeng | ||
| 080 |
_a069.9:34 _bUN |
||
| 245 | _aThe Protection of Movable Cultural Property. | ||
| 260 | _bUnesco | ||
| 300 | _b392p., 24 cm | ||
| 942 | _cBK | ||
| 999 |
_c136465 _d136465 |
||